000 00893nam a2200217 a 4500
005 20210219160308.0
008 081007s1987 mx r 000 0 spa d
035 _aUPN01000162639
049 _aUNE
080 _bDO 37.014.2 2(7/8) "1987" COO6a.
111 2 _aConferencia Regional de Ministros de Educación y de Ministros Encargados de la Planificación Económica de los Estados Miembros de América Latina y el Caribe
_d(1987 :
_cBogotá)
245 1 3 _aLa cooperación de la UNESCO en el campo de la educación en América Latina y el Caribe 1980-1986.
260 _aParís :
_bUNESCO,
_c1987.
300 _apág. irregular :
_bil.
440 0 _aED-87/MINEDLAC/REP ;
_v3
690 _aProyectos educacionales - América Latina
690 _aMétodos de la educación - América Latina
690 _aAmérica Latina - Proyectos educacionales
710 2 _aUNESCO
905 _aUNESCO
999 _c134752
_d134752